000 01197nam a2200289Ia 4500
001 ebr10288748
003 CaPaEBR
006 m u
007 cr cn|||||||||
008 090612s2009 enka sb 001 0 eng d
020 _z9780754670445
020 _z9780754694878
040 _aCaPaEBR
_cCaPaEBR
035 _a(OCoLC)646810246
050 1 4 _aZ668.5
_b.H26 2009eb
245 0 0 _aHandbook of library training practice and development.
_nVolume 3
_h[electronic resource] /
_cedited by Alan Brine.
260 _aAldershot, Hants, England ;
_aBurlington, VT :
_bAshgate Pub. Co.,
_c2009.
300 _axxii, 414 p. :
_bill.
504 _aIncludes bibliographical references and index.
533 _aElectronic reproduction.
_bPalo Alto, Calif. :
_cebrary,
_d2013.
_nAvailable via World Wide Web.
_nAccess may be limited to ebrary affiliated libraries.
650 0 _aLibrary employees
_xIn-service training.
650 0 _aLibrary employees
_xTraining of.
655 7 _aElectronic books.
_2local
700 1 _aBrine, Alan,
_d1967-
710 2 _aebrary, Inc.
856 4 0 _uhttp://site.ebrary.com/lib/rucke/Doc?id=10288748
_zAn electronic book accessible through the World Wide Web; click to view
999 _c567
_d567